Hypertension : a companion to Braunwald’s heart disease (Record no. 30988)

MARC details
000 -LEADER
fixed length control field 00477nam a2200181Ia 4500
020 ## - INTERNATIONAL STANDARD BOOK NUMBER
ISBN 9781416030539
050 ## - CALL MARK
Classification number RC 685 .B58/
100 ## - STATEMENT OF RESPONSIBILITY--MAIN AUTHOR NAME
Personal name Black, Henry R.
245 #0 - TITLE STATEMENT
Title Hypertension : a companion to Braunwald’s heart disease
260 ## - PUBLICATION, DISTRIBUTION, ETC. (IMPRINT)
Place of publication Philadelphia
260 ## - PUBLICATION, DISTRIBUTION, ETC. (IMPRINT)
Name of publisher Elsevier Saunders
260 ## - PUBLICATION, DISTRIBUTION, ETC. (IMPRINT)
Year of publication 2007
300 ## - PHYSICAL DESCRIPTION
Number of Pages 615 p
650 ## - SUBJECT ADDED ENTRY--TOPICAL TERM
Topical Term Hypertension. Heart - Diseases.
942 ## - ADDED ENTRY ELEMENTS (KOHA)
Koha item type Books
Holdings
Withdrawn status Lost status Source of classification or shelving scheme Damaged status Not for loan Permanent Location Current Location Date acquired Accession Number Price effective from Koha item type
    Library of Congress Classification     NILE UNIVERSITY OF NIGERIA - MAIN LIBRARY NILE UNIVERSITY OF NIGERIA - MAIN LIBRARY 04/23/2025 0184685 04/23/2025 Books